| 000 | 00482 a2200169 4500 | ||
|---|---|---|---|
| 003 | OSt | ||
| 005 | 20231226113128.0 | ||
| 008 | 231226b |||||||| |||| 00| 0 eng d | ||
| 020 | _a8170553814 | ||
| 040 | _coclc | ||
| 082 |
_a891.444 _bNAS/N |
||
| 100 |
_aNasrin, Taslima _95644 |
||
| 245 |
_aNAST LADKI NAST GADYA / _cTaslima Nasreen |
||
| 260 |
_aNew Delhi: _bVani Prakashan, _c2010. |
||
| 300 | _a204p | ||
| 942 |
_2ddc _cBK _h891.444 _iNAS/N _k891.444 _mNAS/N |
||
| 999 |
_c43579 _d43579 |
||